| 000 | 00777 a2200277 4500 | ||
|---|---|---|---|
| 001 | 74345 | ||
| 999 |
_c74345 _d22861 |
||
| 003 | TR-AnTOB | ||
| 005 | 20251218135025.0 | ||
| 008 | 110217s2008 tu a b 000 0 d | ||
| 040 | _aTR-AnTOB | ||
| 041 | _atur | ||
| 050 |
_aDR728 _b.O78 2008 |
||
| 090 | _aDR728 .O78 2008 | ||
| 100 | 1 |
_aOrtaylı, İlber, _d1947- _920201 |
|
| 245 | 0 |
_aİstanbul'dan sayfalar / _cİlber Ortaylı. |
|
| 264 | 1 |
_aİstanbul : _bTurkuvaz kitap, _c2008. |
|
| 300 |
_a280 s. : _bres. ; _c20 cm. |
||
| 504 | _aKaynakça ve dizin var. | ||
| 504 | _aIncludes bibliographical references and index. | ||
| 651 |
_aIstanbul (Turkey) _xHistory _972832 |
||
| 651 | 7 |
_aİstanbul (Türkiye) _xTarih _2 _972830 |
|
| 902 | _a0028935 | ||
| 903 | _aMerkez Kutuphane | ||
| 945 | _aSC, CS | ||
| 942 | _cBK | ||